000 00845nam a22001937a 4500
005 20250107160311.0
010 _aHIN-129117
020 _a9789385324420
_c350.00
035 _aHN-101463
037 _bDBAD/PUB
082 _a821
100 _aवर्मा, सुरेशपाल
_976033
245 _aनव प्रयोग 'मनका' के प्रारम्भिक रचनाकार/
_cसुरेशपाल वर्मा
250 _aप्रथम
260 _aदिल्ली
_bपूनम प्रकाशन
_c2023
270 _a6-बी, कोशिक पुरी, पुराना सीलमपुर, दिल्ली
_bदिल्ली
_e110031
300 _a120पृ.
_c22सेमी (सजिल्द)
942 _2ddc
_cHN
_h821
_mवर्मासु
999 _c208036
_d208036